Annual report 1999 =
| Format: | Book |
|---|---|
| Published: |
[s.l]:
Malaysia Industrial Development Finance Berhad,
1999.
|
| Subjects: |
| LEADER | 00409cam a2200133 7i4500 | ||
|---|---|---|---|
| 001 | 0000010478 | ||
| 005 | 20020307090000.0 | ||
| 090 | 0 | 0 | |a M 338.9 |b ANN |
| 245 | 0 | 0 | |a Annual report 1999 = |l Laporan tahunan 1999. |
| 260 | 0 | 0 | |a [s.l]: |b Malaysia Industrial Development Finance Berhad, |c 1999. |
| 300 | # | # | |a 184 p. |
| 650 | 0 | 0 | |a Annual reports |
| 651 | 0 | 0 | |a Malaysia |
| 999 | |a 0000011872 |b Book |c Annual Reports |e Business Information Centre | ||